Konvergencia regiónov Európskej únie – teória a prax bakalárska práca

Guardado en:
Detalles Bibliográficos
Autor principal: Grambličková, Viktória
Autor Corporativo: Národohospodárska fakulta EU. Katedra financií
Otros Autores: Kováč Gerulová, Lukrécia, 1978-
Formato: Libro
Lenguaje:eslovaco
Publicado: Bratislava 2021
Etiquetas: Agregar Etiqueta
Sin Etiquetas, Sea el primero en etiquetar este registro!

MARC

LEADER 00000nbm a2200000 4500
001 0275209
005 20211210124317.7
041 0 |a slo 
044 |a SK 
245 1 0 |a Konvergencia regiónov Európskej únie – teória a prax  |b bakalárska práca  |c Viktória Grambličková ; školiteľ: Lukrécia Kováč Gerulová 
264 1 |a Bratislava  |c 2021 
300 |a 42 s. 
100 1 |a Grambličková, Viktória 
700 1 |a Kováč Gerulová, Lukrécia, 1978- 
710 2 |a Národohospodárska fakulta EU. Katedra financií